[Event "Challenge"]
[Site "http://www.queenalice.com/game.php?id=1396820"]
[Date "2015.12.1"]
[Round "-"]
[White "dnptrs"]
[Black "pancas"]
[Result "1-0"]
[WhiteElo "2285"]
[BlackElo "1984"]

1. d4 d5 2. Nf3 Nc6 3. e3 Nf6 4. c4 e6 5. Nc3 Be7 6. a3 O-O 7. Qc2 h6 8. Bd2 Na5
9. Nxd5 Nxd5 10. cxd5 exd5 11. Bxa5 b6 12. Bc3 Bg4 13. Ne5 Be6 14. Nc6 Qd7 15.
Nxe7+ Qxe7 16. Bb4 c5 17. dxc5 Rfc8 18. Ba6 1-0

[Event "Challenge"]
[Site "http://www.queenalice.com/game.php?id=1396821"]
[Date "2015.12.1"]
[Round "-"]
[White "pancas"]
[Black "dnptrs"]
[Result "0-1"]
[WhiteElo "1988"]
[BlackElo "2282"]

1. e4 c5 2. Nf3 e6 3. d4 cxd4 4. Nxd4 Nf6 5. Nc3 d6 6. Bg5 Nc6 7. Nxc6 bxc6 8.
Bd3 Be7 9. O-O O-O 10. h4 h6 11. Bf4 Nd7 12. g3 Nc5 13. e5 dxe5 14. Bxe5 Nxd3
15. cxd3 Ba6 16. Re1 Qxd3 17. Qg4 Qg6 0-1

[Event "Challenge"]
[Site "http://www.queenalice.com/game.php?id=1397009"]
[Date "2015.12.2"]
[Round "-"]
[White "dnptrs"]
[Black "pancas"]
[Result "1-0"]
[WhiteElo "2291"]
[BlackElo "1976"]

1. d4 d5 2. Nf3 Nc6 3. e3 Bf5 4. c4 Nf6 5. Nc3 Qd7 6. a3 e6 7. c5 Be7 8. Bb5 O-O
9. Ne5 Qe8 10. Qa4 a6 11. Nxc6 axb5 12. Nxe7+ Qxe7 13. Qxb5 c6 14. Qe2 Ne4 15.
Nxe4 Bxe4 16. O-O Qg5 17. f3 Bg6 18. Bd2 1-0

[Event "Challenge"]
[Site "http://www.queenalice.com/game.php?id=1397024"]
[Date "2015.12.2"]
[Round "-"]
[White "pancas"]
[Black "dnptrs"]
[Result "0-1"]
[WhiteElo "1980"]
[BlackElo "2288"]

1. e4 c5 2. Nf3 e6 3. d4 cxd4 4. Nxd4 Nf6 5. Bg5 Qb6 6. Bxf6 gxf6 7. b3 Nc6 8.
Nxc6 bxc6 9. Bd3 Bb7 10. Nd2 a5 11. Qf3 Be7 12. Nc4 Qb4+ 13. Ke2 d5 14. exd5
cxd5 15. Nd2 e5 16. a3 Qc5 0-1

[Event "Challenge"]
[Site "http://www.queenalice.com/game.php?id=1397524"]
[Date "2015.12.6"]
[Round "-"]
[White "dnptrs"]
[Black "pancas"]
[Result "1-0"]
[WhiteElo "2298"]
[BlackElo "1967"]

1. d4 d5 2. Nf3 Nc6 3. e3 Bf5 4. c4 e6 5. Nc3 Qd7 6. cxd5 exd5 7. Bb5 f6 8. O-O
Qd6 9. a3 a6 10. Bd3 Bxd3 11. Qxd3 Nh6 12. b4 Be7 13. Qb1 f5 14. Qa2 O-O-O 15.
b5 axb5 16. Nxb5 Qg6 17. Bd2 1-0

[Event "Challenge"]
[Site "http://www.queenalice.com/game.php?id=1397525"]
[Date "2015.12.6"]
[Round "-"]
[White "pancas"]
[Black "dnptrs"]
[Result "0-1"]
[WhiteElo "1973"]
[BlackElo "2294"]

1. e4 c5 2. Nf3 e6 3. d4 cxd4 4. Nxd4 Nf6 5. Nc3 d6 6. Bg5 Nc6 7. Nxc6 bxc6 8.
Bd3 Bd7 9. O-O Be7 10. Re1 O-O 11. e5 dxe5 12. Be3 Qc7 13. h3 c5 14. Ne4 Nxe4
15. Bxe4 Rab8 16. b3 Rfd8 0-1

[Event "Challenge"]
[Site "http://www.queenalice.com/game.php?id=1397743"]
[Date "2015.12.7"]
[Round "-"]
[White "dnptrs"]
[Black "pancas"]
[Result "1-0"]
[WhiteElo "2278"]
[BlackElo "2014"]

1. d4 d5 2. Nf3 Nc6 3. e3 Bf5 4. c4 Qd7 5. cxd5 Qxd5 6. Nc3 Qd8 7. e4 Bg6 8. Qa4
Qd7 9. Bb5 a6 10. d5 e6 11. dxc6 Qd6 12. cxb7+ 1-0

[Event "Challenge"]
[Site "http://www.queenalice.com/game.php?id=1397744"]
[Date "2015.12.7"]
[Round "-"]
[White "pancas"]
[Black "dnptrs"]
[Result "0-1"]
[WhiteElo "1970"]
[BlackElo "2296"]

1. e4 c5 2. Nf3 e6 3. d4 cxd4 4. Nxd4 Nf6 5. Nc3 d6 6. Nf3 Be7 7. Bd3 O-O 8. O-O
Nc6 9. Re1 Qc7 10. Nb5 Qb8 11. Bf4 a6 12. Nc3 Ne5 13. Nxe5 dxe5 14. Bg3 Nd7 0-1

[Event "Challenge"]
[Site "http://www.queenalice.com/game.php?id=1404211"]
[Date "2016.1.14"]
[Round "-"]
[White "vivoferreira"]
[Black "pancas"]
[Result "0-1"]
[WhiteElo "1682"]
[BlackElo "1909"]

1. e4 c5 2. d4 cxd4 3. Qxd4 Nc6 4. Qd1 Nf6 5. f3 e5 6. Be3 Be7 7. Bd3 O-O 8. Nc3
d5 9. exd5 Nb4 10. Bc4 Bf5 11. Bd3 Nxd3+ 12. cxd3 Nxd5 13. Nxd5 Qxd5 14. d4 Bb4+
15. Kf1 Qb5+ 16. Ne2 exd4 17. a4 Qa5 18. Bxd4 Rad8 19. Rc1 Bc5 20. Rxc5 Qxc5 21.
Kf2 Qb4 22. g4 Be6 23. f4 Bc4 24. Re1 Bxe2 25. Rxe2 Qxd4+ 26. Qxd4 Rxd4 27. a5
Rxf4+ 28. Kg3 Ra4 0-1

[Event "Challenge"]
[Site "http://www.queenalice.com/game.php?id=1404212"]
[Date "2016.1.14"]
[Round "-"]
[White "vivoferreira"]
[Black "pancas"]
[Result "0-1"]
[WhiteElo "1591"]
[BlackElo "1927"]

1. e4 c5 2. d4 cxd4 3. Qxd4 Nc6 4. Qd1 Nf6 5. Bd3 e5 6. Bg5 Be7 7. Nf3 O-O 8.
Nc3 h6 9. Be3 d5 10. Nxd5 Nb4 11. Nxb4 Bxb4+ 12. c3 Bd6 13. O-O b6 14. Bc4 Qc7
15. b3 Nxe4 16. Qc1 Bg4 17. Nh4 Bh5 18. Nf5 Rad8 19. Bxh6 Bg6 20. Nxg7 Qd7 21.
Ne6 fxe6 22. f4 exf4 23. Bxf8 Rxf8 24. Re1 Qh7 25. Bxe6+ Kg7 26. Bd5 Bc5+ 27.
Kf1 Qxh2 28. Bxe4 Qg1+ 29. Ke2 Qf2+ 30. Kd3 Rd8+ 31. Kc4 Qh4 32. Bxg6 Kxg6 33.
Rd1 Rc8 34. Rf1 Be3+ 35. Kd3 Bxc1 36. Raxc1 Qg3+ 37. Kd2 Qxg2+ 38. Kd3 Rd8+ 39.
Kc4 Qe4+ 40. Kb5 Rd5+ 41. Ka6 Ra5# 0-1

[Event "Challenge"]
[Site "http://www.queenalice.com/game.php?id=1406118"]
[Date "2016.1.25"]
[Round "-"]
[White "vivoferreira"]
[Black "pancas"]
[Result "1/2-1/2"]
[WhiteElo "1432"]
[BlackElo "1839"]

1. e4 Nf6 2. e5 Nd5 3. d4 d6 4. Bc4 e6 5. Qf3 Nc6 6. Bxd5 Nxd4 7. Qe4 c6 8. Bc4
c5 9. Nf3 Nxf3+ 10. Qxf3 d5 11. Bd3 c4 12. Be2 Bc5 13. O-O h5 14. b3 cxb3 15.
Qxb3 O-O 16. Bxh5 f6 17. exf6 Qxf6 18. c4 Bd6 19. Bb2 Qh4 20. Qh3 Qxh3 21. gxh3
dxc4 22. Nc3 Rf5 23. Bg4 Rg5 24. f3 e5 25. Ne4 Rg6 26. Nxd6 Rxd6 27. Bxe5 Rg6
28. Rac1 Bf5 29. Rxc4 Bd3 30. Rc7 Bxf1 31. Kxf1 Kf8 32. Rxb7 a5 33. h4 Re8 34.
Bh5 Rxe5 35. Bxg6 Re6 36. h5 Re5 37. Ra7 Rc5 38. f4 Rc1+ 39. Kg2 Rc4 40. Rxa5
Rxf4 41. Kg3 Rd4 42. h3 Rb4 43. a3 Rb3+ 44. Kg4 Rc3 45. a4 Rc4+ 46. Kg3 Rc3+ 47.
Kg4 Rc4+ 48. Kg5 Rc3 49. h4 Rg3+ 50. Kf4 Rh3 51. Kg4 Rc3 52. Rb5 Rc4+ 53. Kf5
Rxa4 54. Ke6 Ra6+ 55. Kd7 Ra7+ 56. Ke6 Re7+ 57. Kd6 Re8 58. Rb4 Ra8 59. Rc4 Ra6+
60. Kd7 Ra7+ 61. Ke6 Ra6+ 62. Kd7 Ra7+ 63. Ke6 Ra6+ 64. Kd7 Ra7+ 65. Rc7 Ra8 66.
Rc8+ Rxc8 67. Kxc8 Ke7 68. Kc7 Kf8 69. Kd7 Kg8 70. Ke6 Kh8 71. Be4 Kg8 72. Kf5
Kh7 73. Ke6+ Kg8 74. Kf5 Kf7 75. Kg5 Kg8 76. h6 gxh6+ 77. Kxh6 Kh8 78. Kg5 Kg8
79. h5 Kg7 80. h6+ Kf7 81. h7 Kg7 82. Kh5 Kh8 83. Bb1 Kg7 84. Kg5 Kh8 85. Kh5
Kg7 86. Kg5 Kh8 87. Kh6 1/2-1/2

[Event "Challenge"]
[Site "http://www.queenalice.com/game.php?id=1406119"]
[Date "2016.1.25"]
[Round "-"]
[White "vivoferreira"]
[Black "pancas"]
[Result "0-1"]
[WhiteElo "1586"]
[BlackElo "1894"]

1. e4 c5 2. d4 cxd4 3. Qxd4 Nc6 4. Qd1 e5 5. Nf3 d6 6. Bb5 Bd7 7. Nc3 Bg4 8. O-O
Nf6 9. Bg5 Be7 10. Bxf6 Bxf6 11. Nd5 O-O 12. Be2 a6 13. Nd2 Bxe2 14. Qxe2 Nd4
15. Qd1 Bg5 16. Nf3 Nxf3+ 17. Qxf3 Rc8 18. c3 Kh8 19. Rad1 Qa5 20. Nb4 Qb5 21.
Rxd6 Rcd8 22. Rxd8 Bxd8 23. Rd1 Bc7 24. b3 f6 25. Nd5 Bb8 26. c4 Qa5 27. a4 Qc5
28. g3 b5 29. cxb5 axb5 30. a5 Qc2 31. Nb6 Ba7 32. Nd7 Rd8 33. Rd5 Qb1+ 34. Kg2
Qb2 35. Rxb5 Kg8 36. Rb7 Qd4 37. Nxf6+ Kh8 38. Nd5 Qc5 39. Nf6 Rf8 40. Rxg7 Kxg7
41. Nh5+ Kg8 42. Nf6+ Kg7 43. Nh5+ Kh8 44. Nf6 Qe7 45. Qf5 Qxf6 46. Qxf6+ Rxf6
47. f3 Bb8 48. b4 Rc6 49. b5 Rc5 0-1

[Event "Challenge"]
[Site "http://www.queenalice.com/game.php?id=1406120"]
[Date "2016.1.25"]
[Round "-"]
[White "pancas"]
[Black "vivoferreira"]
[Result "1-0"]
[WhiteElo "1898"]
[BlackElo "1546"]

1. b3 e5 2. Bb2 Nc6 3. Nf3 e4 4. Ng1 d5 5. f3 Nf6 6. fxe4 Nxe4 7. d3 Nf6 8. Nf3
d4 9. c3 dxc3 10. Nxc3 Bd6 11. e4 Be5 12. Nxe5 Nxe5 13. Nb5 c6 14. Nd4 O-O 15.
Be2 Re8 16. Qd2 b6 17. O-O c5 18. Nf3 Nxf3+ 19. Bxf3 Bb7 20. Qf4 Qxd3 21. Qg3
Nh5 22. Qg4 Bxe4 23. Bxe4 Rxe4 24. Qxh5 f6 25. Qf3 Qxf3 26. Rxf3 Rae8 27. Rg3
R8e6 28. Rf1 Kf8 29. Rd3 Ke8 30. Rfd1 Re2 31. Rd8+ Ke7 32. R8d7+ Kf8 33. Ba3
Rxa2 34. Rxa7 Re7 35. Rxe7 Kxe7 36. Bc1 g5 37. Be3 Rb2 38. Re1 Kd7 39. Rd1+ Kc6
40. Rd3 Kb5 41. h3 Kb4 42. Rd6 Rxb3 43. Rxb6+ Kc4 44. Rxb3 Kxb3 45. Bxc5 Kc4 46.
Be7 h6 47. Bxf6 h5 48. Bxg5 Kd4 49. h4 Ke4 50. Kf2 Kf5 51. Kf3 1-0

[Event "Challenge"]
[Site "http://www.queenalice.com/game.php?id=1409103"]
[Date "2016.2.13"]
[Round "-"]
[White "pancas"]
[Black "Omar"]
[Result "1-0"]
[WhiteElo "1916"]
[BlackElo "1783"]

1. b3 h6 2. Bb2 a6 3. Nc3 e6 4. e4 Nc6 5. Nf3 e5 6. Bc4 Nf6 7. Nd5 Nxd5 8. Bxd5
Nb4 9. Bc4 Be7 10. a3 Nc6 11. d4 exd4 12. Nxd4 Bf6 13. Nxc6 bxc6 14. Bxf6 Qxf6
15. O-O O-O 16. Bd3 Bb7 17. f4 Qd4+ 18. Kh1 c5 19. Qf3 d6 20. Rad1 Qc3 21. Qg3
Bc6 22. e5 dxe5 23. Bh7+ Kxh7 24. Qxc3 e4 25. Qxc5 Bb7 26. Rd7 e3 27. Qxe3 Rae8
28. Qa7 Bc6 29. Rxc7 Bb5 30. Rc1 Re4 31. Rxf7 Rxf7 32. Qxf7 Re2 33. Rd1 Bc6 34.
Qf5+ Kh8 35. Qc8+ Be8 36. c4 Kh7 37. c5 Bh5 38. h3 Ra2 39. c6 Rxa3 40. c7 Bxd1
41. Qf5+ g6 42. Qd7+ Kg8 43. c8=Q# 1-0

[Event "Challenge"]
[Site "http://www.queenalice.com/game.php?id=1413342"]
[Date "2016.3.13"]
[Round "-"]
[White "jorm"]
[Black "pancas"]
[Result "0-1"]
[WhiteElo "1892"]
[BlackElo "1909"]

1. e4 c5 2. Nc3 e5 3. Nd5 Nf6 4. c4 Nc6 5. Nf3 d6 6. Nxf6+ Qxf6 7. h3 Be7 8. a3
Bd7 9. d3 h6 10. Be2 a6 11. Bd2 Qg6 12. g3 Bg5 13. h4 Bxd2+ 14. Qxd2 O-O-O 15.
b4 Nd4 16. Nxd4 exd4 17. a4 Bg4 18. a5 f5 19. f3 Bh5 20. exf5 Qxg3+ 21. Kd1 Bxf3
22. Kc2 Bxe2 23. Qxe2 Rde8 24. Qd2 Re3 25. Rad1 Rhe8 26. Kb3 Qg4 27. Rhg1 Qe4
28. Qc2 Re2 29. Qb1 Qxh4 30. Rc1 Qh3 31. Rgf1 R8e3 32. Rfd1 Qxf5 33. b5 axb5 34.
cxb5 Qd5+ 35. Rc4 g5 36. b6 g4 37. Qa1 Qc6 38. Qa4 Qxa4+ 39. Rxa4 g3 40. Kc4 g2
41. Raa1 h5 42. a6 bxa6 43. Kd5 Kb7 44. Rab1 h4 45. Kxd6 Re6+ 46. Kxc5 h3 47.
Kd5 h2 48. Kc5 Re1 0-1

[Event "Challenge"]
[Site "http://www.queenalice.com/game.php?id=1413594"]
[Date "2016.3.15"]
[Round "-"]
[White "vivoferreira"]
[Black "pancas"]
[Result "1-0"]
[WhiteElo "1521"]
[BlackElo "1924"]

1. e4 c5 2. Nf3 d6 3. d4 cxd4 4. Nxd4 Nf6 5. Nc3 Bg4 6. Be2 Bxe2 7. Qxe2 e5 8.
Nf3 h6 9. b3 Nc6 10. Bb2 Qd7 11. O-O g5 12. Nd5 Nxd5 13. c4 Nf4 14. Qd2 O-O-O
15. Rad1 f6 16. b4 g4 17. Nh4 Be7 18. Bc1 f5 19. Nxf5 Bf8 20. Qb2 Kb8 21. Bxf4
exf4 22. Qxh8 f3 23. g3 Qf7 24. b5 Ne5 25. Nxd6 Bxd6 26. Qxd8# 1-0

[Event "Challenge"]
[Site "http://www.queenalice.com/game.php?id=1417804"]
[Date "2016.4.11"]
[Round "-"]
[White "pancas"]
[Black "Omar"]
[Result "0-1"]
[WhiteElo "1930"]
[BlackElo "1795"]

1. b3 h6 2. Bb2 a6 3. e4 e6 4. Qg4 Nf6 5. Qf3 d6 6. e5 dxe5 7. Bxe5 Be7 8. Bd3
Qd5 9. Qxd5 Nxd5 10. Bxg7 Rg8 11. Bxh6 Rxg2 12. Nf3 Nc6 13. c4 Bf6 14. cxd5 Nb4
15. Be4 Bxa1 16. h4 exd5 17. Bh7 Bd7 18. a3 Nc6 19. Bg5 f6 20. Bf4 O-O-O 21. Nc3
Rg4 22. Bg3 Nd4 23. Nxd4 Rxd4 24. O-O Bb2 25. f4 Rxd2 26. Nb1 Re2 27. f5 Re4 28.
Nd2 Rg4 29. Kh2 Rh8 30. Bg6 Be5 31. Bxe5 Rhxh4# 0-1

[Event "Challenge"]
[Site "http://www.queenalice.com/game.php?id=1422319"]
[Date "2016.5.10"]
[Round "-"]
[White "pancas"]
[Black "Omar"]
[Result "0-1"]
[WhiteElo "1900"]
[BlackElo "1860"]

1. e4 e5 2. Bc4 Nf6 3. Nf3 Nc6 4. Ng5 d5 5. exd5 Nxd5 6. Qf3 Qxg5 7. Bxd5 Be6 8.
Nc3 Rd8 9. Bxc6+ bxc6 10. Qxc6+ Rd7 11. d3 Qg6 12. Be3 Bb4 13. Bd2 O-O 14. O-O
Bxc3 15. Bxc3 Qg5 16. Rfe1 Bd5 17. Qxd5 Rxd5 18. Re3 Rfd8 19. Rae1 f6 20. Rg3
Qf5 21. Re4 c5 22. h4 h5 23. Rf3 Qe6 24. Bd2 Rd4 25. Re1 Rxh4 26. Rg3 Qxa2 27.
Bc3 a5 28. Ree3 a4 29. f3 Qb1+ 30. Re1 Qxc2 31. Ba5 Rxd3 32. Ra1 Rd1+ 0-1

[Event "Challenge"]
[Site "http://www.queenalice.com/game.php?id=1425953"]
[Date "2016.6.2"]
[Round "-"]
[White "vivoferreira"]
[Black "pancas"]
[Result "1-0"]
[WhiteElo "1561"]
[BlackElo "1882"]

1. e4 c5 2. d4 cxd4 3. Nf3 Nc6 4. Nxd4 Nxd4 5. Qxd4 Nf6 6. Nc3 e6 7. g3 d6 8.
Bg5 Be7 9. O-O-O e5 10. Qd3 Ng4 11. Bxe7 Qxe7 12. Be2 Nxf2 13. Qxd6 Qg5+ 14. Kb1
Nxh1 15. Bb5+ Bd7 16. Bxd7+ Kd8 17. Bc6+ Kc8 18. Qd7+ Kb8 19. Qxb7# 1-0

[Event "Challenge"]
[Site "http://www.queenalice.com/game.php?id=1425954"]
[Date "2016.6.2"]
[Round "-"]
[White "vivoferreira"]
[Black "pancas"]
[Result "0-1"]
[WhiteElo "1446"]
[BlackElo "1825"]

1. e4 c5 2. Nf3 d6 3. d4 cxd4 4. Nxd4 e5 5. Nf3 Nc6 6. Bb5 Bd7 7. Nc3 Nge7 8.
Be3 a6 9. Bxc6 Bxc6 10. O-O Ng6 11. Qd2 Be7 12. Rad1 O-O 13. a3 Qc7 14. Rfe1 f5
15. exf5 Nh4 16. Nxh4 Bxh4 17. Qxd6 Qc8 18. Qxe5 Bf6 19. Qe6+ Kh8 20. Qxc8 Raxc8
21. Bd4 Bxd4 22. Rxd4 Rxf5 23. Rc4 Rcf8 24. f3 Rg5 25. Ne4 Rxf3 26. g3 Rd5 27.
Kg2 Rf8 28. Nc3 Rd1+ 29. Kh3 Rxe1 30. b4 h6 31. a4 Bd7+ 32. g4 Rc1 33. Rc7 Bc6
34. b5 axb5 35. axb5 Bh1 36. Ne2 Re8 37. Nxc1 g5 38. Nd3 Re3# 0-1

[Event "Challenge"]
[Site "http://www.queenalice.com/game.php?id=1426460"]
[Date "2016.6.5"]
[Round "-"]
[White "pancas"]
[Black "vivoferreira"]
[Result "1-0"]
[WhiteElo "1827"]
[BlackElo "1417"]

1. e4 e5 2. Bc4 Nf6 3. Qf3 Nc6 4. Ne2 d6 5. c3 Bg4 6. Qe3 Na5 7. Bd3 d5 8. exd5
Nxd5 9. Qxe5+ Be6 10. c4 Nf6 11. Qxa5 Bd6 12. Qg5 O-O 13. b3 g6 14. Bb2 Be7 15.
Bc2 Nd5 16. Qh6 Bf6 17. d4 Bg5 18. cxd5 Bxh6 19. O-O Bxd5 20. Nbc3 Bc6 21. Rad1
Qg5 22. g3 Rfe8 23. Bc1 Qh5 24. Nf4 Bxf4 25. Bxf4 Qh3 26. f3 Re7 27. d5 Bxd5 28.
Rxd5 c6 29. Rd2 Rae8 30. b4 Re1 31. Rf2 Rxf1+ 32. Rxf1 Qe6 33. Bb3 Qe7 34. Rd1
h6 35. b5 g5 36. Bc1 cxb5 37. Nxb5 a6 38. Nd4 Rd8 39. Bb2 Qe3+ 40. Kh1 Qf2 41.
Bc3 Rxd4 42. Bxd4 Qxf3+ 43. Kg1 Qe2 44. Bb6 Kg7 45. Bf2 b5 46. Rc1 h5 47. Bd4+
f6 48. Rc7+ Kf8 49. Rf7+ Ke8 50. Rxf6 h4 51. Re6+ 1-0

[Event "Challenge"]
[Site "http://www.queenalice.com/game.php?id=1426809"]
[Date "2016.6.8"]
[Round "-"]
[White "pancas"]
[Black "Omar"]
[Result "0-1"]
[WhiteElo "1853"]
[BlackElo "1901"]

1. e4 e5 2. Nf3 d6 3. d4 exd4 4. Nxd4 a6 5. Bc4 h6 6. Nc3 Be7 7. Bd2 Nf6 8. h3
b5 9. Bd3 Bb7 10. Nf3 O-O 11. O-O Nh7 12. Nd4 Nc6 13. Nxc6 Bxc6 14. Bf4 Bg5 15.
Qg4 Bd7 16. Qg3 Bxf4 17. Qxf4 Qf6 18. Qg3 Bc6 19. f4 Qd4+ 20. Kh1 b4 21. Nd1
Rae8 22. f5 Bxe4 23. Rf4 Nf6 24. Bxa6 Nh5 25. Qf2 Bxg2+ 26. Kxg2 Nxf4+ 27. Kg3
Qxf2+ 28. Nxf2 Nh5+ 29. Kf3 c5 30. Bc4 Nf6 31. Rd1 Rd8 32. Nd3 Rb8 33. Nf4 d5
34. Bf1 c4 35. Be2 b3 36. cxb3 cxb3 37. a3 Rbc8 38. Rd2 Rc2 39. Rd3 Rxb2 40. a4
Ra8 41. Rd4 Ra2 42. Rb4 b2 43. Bb5 Ne4 44. Bc6 Ra5 45. Nxd5 Nd2+ 46. Ke3 b1=Q
47. Rxb1 Nxb1 48. h4 Rc2 49. Bb5 Rh2 50. f6 g6 51. Nb4 Rxh4 52. Nc6 Ra8 53. a5
Rh5 54. Bc4 Kh7 55. Be2 Rc5 56. Bf3 Rc8 57. Ne7 Rc3+ 58. Kf2 R8c5 59. a6 Ra3 60.
Bb7 Rc2+ 61. Ke1 Nc3 0-1

[Event "Challenge"]
[Site "http://www.queenalice.com/game.php?id=1447425"]
[Date "2016.11.2"]
[Round "-"]
[White "vivoferreira"]
[Black "pancas"]
[Result "0-1"]
[WhiteElo "1412"]
[BlackElo "1829"]

1. e4 c5 2. Nf3 d6 3. Nc3 Nf6 4. d4 cxd4 5. Nxd4 e5 6. Nf3 Nc6 7. Bb5 Bd7 8. O-O
h6 9. Be3 Be7 10. Re1 O-O 11. Bxc6 Bxc6 12. Qd2 Nxe4 13. Nxe4 Bxe4 14. Bxa7 Bxf3
15. Be3 Bc6 16. Rad1 g5 17. a3 f5 18. h4 f4 19. hxg5 fxe3 20. Qxe3 Bxg5 21. Qb3+
Kh8 22. Rxe5 Qf6 23. Re2 Qg6 24. g3 Qh5 25. Qc3+ Bf6 26. Qd3 Qh1# 0-1